Drug or Girl's Name #1 (A-D) - Statistics

General Stats
  • This quiz has been taken 15 times
  • The average score is 12 of 33
Answer Stats
Question Answer % Correct
Alyacen Drug
75%
Anexsia Drug
75%
Amethyst Both
58%
Amethia Drug
58%
Camrese Drug
58%
Ajooni Name
58%
Aleigha Name
58%
Avaya Both
50%
Aeryn Name
50%
Cambrielle Name
50%
Ajovy Drug
42%
Aurovela Drug
42%
Cyclessa Drug
42%
Caeli Name
42%
Cyncere Name
42%
Ayuna Both
33%
Delyla Both
33%
Azurette Drug
33%
Chateal Drug
33%
Concerta Drug
33%
Daysee Drug
33%
Dalary Name
33%
Cesia Both
25%
Dzire Both
25%
Bekyree Drug
25%
Briellyn Drug
25%
Chabelina Drug
25%
Aubra Both
17%
Ashlyna Drug
17%
Aviane Drug
17%
Damaris Both
8%
Cryselle Drug
8%
Delayza Name
8%
No matching quizzes found
Score Distribution
Percent of People with Each Score
Percentile by Number Answered
Your Score History
You have not taken this quiz